000
00277nam a22001217a 4500
008
181001b xxu||||| |||| 00| 0 eng d
041
_a
eng
080
_2
3rd
_a
574
100
_a
9
101
_a
MJE
245
_a
Soil Fertility and Fertilizers
_c
Tisdale,S.L
942
_2
udc
_c
BK
999
_c
48763
_d
48763